1683 1947 1778 1040 1450 1615 1671 1963 1516 1690 1206 1087 1505 1675 1375 1230 1893 1800 1098 1186 1413 1685 1310 1417 1278 1322 1941 1673 1312 1446 1214 1745 1853 1778 1383 1499 1765 1881 1831 1901 1403 1593 1632 1788 1613 1630 1911 1935 1919 1713 1676 1098 1396 1515 1276 1335 1638 1023 1193 1212 1045 1635 1217 1718 1281 1438 1644 1397 1516 1266 1328 1472 1529 1234 1307 1529 1289 1308 1733 1643 1458 1971 1618 1141 1280 1928 1008 1574 1895 1260 1254 1554 1954 1050 1889 1701 1774 1447 1038 BCNSPRNW ULIB Ver.6.0+V

เปลี่ยนเป็นภาษาไทย

Change to English
 แสดงรายละเอียดบรรณานุกรม
  กลับหน้าหลัก

Brief Record : Get Marc (ISO 2709) : E-mail record : QR code < ปิดหน้าต่าง
LEADER : 00000nam 2200000uu 4500
001    13399128765
003     ULIB
008    240828s2566||||th 000 0 tha d
020 ^^ ^a9786168322123
060 ^^ ^aWP100^bน263^cล.2
245 ^^ ^aนรีเวชวิทยาคลินิก เล่ม 2
246 ^^ ^aClinical Gynecology
260 ^^ ^aกรุงเทพฯ : ^bกลุ่มงานสูตินรีเวชศาสตร์ โรงพยาบาลราชวิถี,^c2566
300 ^^ ^a592 หน้า : ^bภาพประกอบ
650 ^^ ^aนรีเวชวิทยา
650 ^^ ^aโรคทางนรีเวช
945    ^p500^l0^i010752
945    ^p500^l0^i010753
945    ^p500^l0^i010754
945    ^p500^l0^i010755
945    ^p500^l0^i010756
999    ^aประนอม เกษจรัล
รายการนี้ยังไม่มีแท็ก
คุณยังไม่ได้ล็อกอิน คุณสามารถมีกิจกรรมร่วมกับเว็บไซต์ได้ แต่ต้องล็อกอินก่อน ::
  ล็อกอิน

รายการสื่อสารสนเทศ

ลำดับที่ ประเภท เลขเรียก/บาร์โค้ด สถานที่ สถานะ
1. วิทยาศาสตร์การแพทย์ และสุขภาพ
หนังสือสำรอง
สถานะ=หนังสือสำรอง
WP100 น263 ล.2 ฉ.1 
  Barcode: 010752
ห้องสมุดวิทยาเขตสวรรค์ประชารักษ์
►หนังสือทั่วไป
บนชั้น
2. วิทยาศาสตร์การแพทย์ และสุขภาพ
วิทยาศาสตร์การแพทย์ และสุขภาพ
WP100 น263 ล.2 ฉ.2 
  Barcode: 010753
ห้องสมุดวิทยาเขตสวรรค์ประชารักษ์
►หนังสือทั่วไป
บนชั้น
3. วิทยาศาสตร์การแพทย์ และสุขภาพ
วิทยาศาสตร์การแพทย์ และสุขภาพ
WP100 น263 ล.2 ฉ.3 
  Barcode: 010754
ห้องสมุดวิทยาเขตสวรรค์ประชารักษ์
►หนังสือทั่วไป
บนชั้น
4. วิทยาศาสตร์การแพทย์ และสุขภาพ
วิทยาศาสตร์การแพทย์ และสุขภาพ
WP100 น263 ล.2 ฉ.4 
  Barcode: 010755
ห้องสมุดวิทยาเขตสวรรค์ประชารักษ์
►หนังสือทั่วไป
บนชั้น
5. วิทยาศาสตร์การแพทย์ และสุขภาพ
วิทยาศาสตร์การแพทย์ และสุขภาพ
WP100 น263 ล.2 ฉ.5 
  Barcode: 010756
ห้องสมุดวิทยาเขตสวรรค์ประชารักษ์
►หนังสือทั่วไป
บนชั้น

รายการใกล้เคียง
    หัวเรื่อง [นรีเวชวิทยา]
    หัวเรื่อง [โรคทางนรีเวช]

BibComment


ยังไม่เคยถูกคอมเมนท์

คอมเมนท์ทรัพยากรรายการนี้
  คอมเมนท์: นรีเวชวิทยาคลินิ..


 Copyright 2026. Bcnsprnw @Library